Integral Education Beyond Schooling/ (Record no. 187142)

MARC details
000 -LEADER
fixed length control field 00586nam a22001817a 4500
005 - DATE AND TIME OF LATEST TRANSACTION
control field 20250710121924.0
010 ## - LCCN (DPL NO)
LC control number ENG-132219 ENG-145901
020 ## - INTERNATIONAL STANDARD BOOK NUMBER
International Standard Book Number 9788194954705
Terms of availability 499.00
035 ## - SYSTEM CONTROL NUMBER
System control number EN-115751 EN-129433
037 ## - SOURCE OF ACQUISITION
Source of stock number/acquisition DBAD
082 ## - DEWEY DECIMAL CLASSIFICATION NUMBER
Classification number 370.1
100 ## - MAIN ENTRY--PERSONAL NAME
Personal name Partho
245 ## - TITLE STATEMENT
Title Integral Education Beyond Schooling/
Statement of responsibility, etc Partho
260 ## - PUBLICATION, DISTRIBUTION, ETC. (IMPRINT)
Place of publication, distribution, etc Noida
Name of publisher, distributor, etc BluOne India LLP
Date of publication, distribution, etc 2021
270 ## - ADDRESS
Address 306, Tower-I, Assotech Busness Cresterra, Plot No. 22, Sector 135
City Noida
Electronic mail address publisher@bluone.ink
300 ## - PHYSICAL DESCRIPTION
Extent 331p.
Other physical details Index
Dimensions 22cm(pbk)
942 ## - ADDED ENTRY ELEMENTS (KOHA)
Source of classification or shelving scheme Dewey Decimal Classification
Item type English Books
Call number suffix PAR
Classification part 370.1
Holdings
Withdrawn status Lost status Not for loan Collection code Home library Current library Date acquired Source of acquisition Cost, normal purchase price Full call number Barcode Copy number Cost, replacement price Koha item type
      Non-fiction Central Library Central Library 04/04/2022 DBAD/PUB 499.00 370.1 PAR EN-115751 1 499.00 English Books
    Not For Loan Non-fiction D.B.Act.Division D.B.Act.Division 10/07/2025 Delivery of Books Act Division 499.00 PAR 370.1 EN-129433 1 499.00 English Books

© Delhi Public Library
Hit Counter
free hit counter